Представление документа в формате RUSMARC

ПолеНазваниеЗначение
  Тип записи a
  Библиографический уровень c
001 Контрольный номер RU/SLIB/B/208721108
005 Дата корректировки 20201206203944.6
010 Индекс ISBN __
d Цена 1-70
101 Язык документа __
a Язык текста rus
200 Заглавие и сведения об ответственности 0_
a Заглавие Актуальные проблемы отношений СССР со странами Африки (80-е годы)
f Первые сведения об ответственности АН СССР, Ин-т Африки ; под общ. ред. А. А. Громыко
b Общее обозначение материала Текст
210 Выходные данные __
a Место издания М.
c Издательство Междунар. отношения
d Дата издания 1985
215 Физическое описание __
a Объем 304 с.
606 Тематические рубрики __
a Основная рубрика История
y Географическая подрубрика СССР; Африка
606 Тематические рубрики __
a Основная рубрика История России и СССР (октябрь 1917 - 1991 г.)
610 Ключевые слова __
a Ключевые слова международные отношения; международное сотрудничество; историческая литература; исторические факты; исторические данные; исторические даты; исторические документы
686 Индексы других классификаций __
a Классификационный индекс 63.3(2)63-6
686 Индексы других классификаций __
a Классификационный индекс 63.3(6)
702 Вторичная интеллектуальная ответственность __
a Фамилия Громыко
b Имя А. А.
4 Код отношения Ответственный редактор
801 Источник записи _0
a Страна RU
b Организация Муниципальное бюджетное учреждение культуры "Централизованная библиотечная система" г. Сургут (Центральная городская библиотека им. А. С. Пушкина)
g Правила каталогизации КиК/Лебедева
801 Источник записи _1
a Страна RU
b Организация Муниципальное бюджетное учреждение культуры "Централизованная библиотечная система" г. Сургут (Центральная городская библиотека им. А. С. Пушкина)
g Правила каталогизации КиК/Лебедева
852 Данные о местонахождении __
j Шифр хранения 63.3(2)63-6
c Каталожный индекс 63.3(2)633-6
i Авторский знак А 43
p Инвентарный номер 24847
901 Тип документа __
t Тип документа x
903 Характеристики (МАРС) __
a Дата передачи 20010626
969 Тип издания __
a Тип издания сборник
990 Данные о заказе (DOS) __
j Количество экземпляров (DOS) 1
t N записи в КСУ для И/У (DOS) 199101